000
00316nam a2200133Ia 4500
008
240624s9999 xx 000 0 und d
041
_a
eng
082
_a
823 MEN
100
_a
MENON RAMESH
245
_a
SIVA THE SIVA PURANA RETOLD
260
_c
2010
_a
New Delhi
_b
Rupa & Company
300
_a
324 p.
365
_c
RS
999
_c
31932
_d
31932